NPCR 1 Lesson 3 Vocabulary C-P - Statistics

General Stats
  • This quiz has been taken 7 times
  • The average score is 13 of 16
Answer Stats
Character Pinyin % Correct
guo2
100%
老师 lao3shi1
100%
shi4
100%
ta1
100%
zhong1
100%
中国 zhong1guo2
100%
奶奶 nai3nai
80%
nin2
80%
ren2
80%
zhe4
80%
na3
60%
shei2
60%
外婆 wai4po2
60%
外语 wai4yu3
60%
医生 yi1sheng
60%
na4
40%
No matching quizzes found
Score Distribution
Percent of People with Each Score
Percentile by Number Answered
Your Score History
You have not taken this quiz